000 00647cab a2200217 4500
001 ABS45457
008 090401t1991 xxu||||| |||| 00| 0 eng d
035 _a(Sirsi) u53092
041 _aeng
100 _aPartridge, C.
245 _aBrain boxes
260 _c1991
350 _a0
490 _aBuilding
_v256(7721) 15 November 1991, 50-51(2)
520 _aDiscusses using computers to control the management of building through the use of neural networks.
650 _aBUILDING MANAGEMENT SYSTEMS
650 _aNEURAL NETWORKS
690 _aMANAGEMENT-BUSINESS MANAGEMENT-INFORMATION MANAGEMENT
942 _n0
948 _c04/03/1997
999 _c32750
_d32750